| 000 | 00922nam a22002897a 4500 | ||
|---|---|---|---|
| 001 | BR8903479 | ||
| 003 | BR-BrBNA | ||
| 005 | 20230928093251.0 | ||
| 007 | ta | ||
| 008 | 230509b bl.||||| |||| 00| 0 por d | ||
| 040 |
_aBR-BrBNA _bpor _cBiblioteca Nacional de Agricultura |
||
| 041 | _a(Por) | ||
| 072 |
_aP34; P35; F61 _b2120 _b/G514 |
||
| 090 | _ 2120 BR8903479 | ||
| 100 | 1 | _aOliveira, E. de | |
| 110 | 1 |
_aEscola Superior de Agricultura de Lavras, MG (Brasil) _0Tese (Mestrado) |
|
| 245 | 1 | _aFungos Endogonaceae em cafeeiros das regioes "Alto Paranaiba" e "Triangulo Mineiro" em Minas Gerais | |
| 260 | 3 |
_aLavras, MG (Brasil): _c1988. |
|
| 300 | _a73 p. | ||
| 500 | _aSummaries (Eng, Por); Bibliography p. 50-61 (88 ref.); 5 tables; 9 illus. | ||
| 650 | _aCAFE | ||
| 650 | _aMICORRIZA | ||
| 650 | _aFERTILIDADE DO SOLO | ||
| 650 | _aMINAS GERAIS | ||
| 909 |
_a202309 _bLucia _c55 _dLucia Elande |
||
| 942 | _cBK | ||
| 999 |
_c43982 _d43982 |
||